A chaque roi sa/ses reines (Capétiens) - Statistiques

Statistiques générales
  • Ce quiz a été pris 2 760 fois
  • Le résultat moyen est 29 sur 49
Statistiques - réponses
Hint Réponse % Correct
Louis XII Marie d'angleterre
98%
Charles VII Marie d'Anjou
98%
Philippe III le Hardi Marie de Brabant
98%
Charles IV le Bel Marie de Luxembourg
98%
Henri IV Marie de Médicis
98%
Louis XV Marie Leczinska
98%
François II Marie Stuart
98%
Louix XIII Anne d'Autriche
85%
Charles VIII Louis XII Anne de Bretagne
85%
Henri Ier Anne de Kiev
85%
Louis XVI Marie Antoinette d'Autriche
84%
Henri II Catherine de Médicis
82%
Philippe V le Long Jeanne d'Artois
71%
Jean II le Bon Jeanne de Boulogne
71%
Charles V le Sage Jeanne de Bourbon
71%
Philippe VI de Valois Jeanne de Bourgogne
71%
Louis XII Jeanne de france
71%
Philippe IV le Bel Jeanne de Navarre
71%
Charles IV le Bel Jeanne d'Evreux
71%
Louis X le Hutin Marguerite de Bourgogne
68%
Louis IX Marguerite de Provence
68%
Henri IV Marguerite de Valois
68%
Henri III Louise de Vaudémont Lorraine
64%
Philippe III le Hardi Isabelle d'Aragon
59%
Philippe II Auguste Isabelle de Hainaut
59%
Charles IV le Bel Blanche d'Artois
55%
Louis VIII le lion Blanche de Castille
55%
Philippe VI de Valois Blanche de Navarre
55%
François Ier Claude de France
55%
Louis XIV Marie Thérèse d'Autriche
54%
Louis VII le jeune Aliénor d'Aquitaine
53%
Robert II Berthe de Bourgogne
52%
Philippe Ier Berthe de Hollande
52%
Charles IX Elisabeth d' Autriche
49%
Louis XI Charlotte de Savoie
40%
Charles VI Isabeau de Bavière
40%
François Ier Eleonore de Habsbourg
34%
Henri Ier Mathilde
32%
Hugues Capet Adélaïde d'Aquitaine
30%
Louis VI le gros Adélaïde de Savoie
30%
Louis X le Hutin Clémence de Hongrie
30%
Robert II Constance d'Arles
25%
Louis VII le jeune Constance de Castille
25%
Philippe II Auguste Agnès de Méranie
24%
Philippe Ier Bertrade de Montfort
23%
Louis VII le jeune Adéle de Champagne
22%
Philippe II Auguste Ingeburge de Danemark
20%
Robert II Suzanne Rozala de Flandres
19%
Louis VI le gros Lucienne de Rochefort
14%
Aucun quiz correspondant
Distribution des résultats
% des personnes avec chaque résultat
Percentile par nombre de réponses
Votre historique - résultats
Vous n’avez pas pris ce quiz